[Event "West Wales Open"]
[Site "Swansea"]
[Date "2018.10.14"]
[Round "5"]
[White "Van Veelen, Thomas"]
[Black "Van Kemenade, Rudy"]
[Result "0-1"]
[WhiteElo "2094"]
[BlackElo "2023"]
[Annotator "kemen"]
[PlyCount "144"]
[EventDate "2018.10.12"]
[EventType "swiss"]
[EventRounds "5"]
[EventCountry "WLS"]

1. d4 Nf6 2. c4 e5 3. dxe5 Ng4 4. Nf3 Bc5 5. e3 Nc6 6. Nc3 O-O 7. a3 a5 8. b3 (
8. Be2) 8... Re8 9. Be2 (9. Bb2) 9... Ncxe5 10. Nxe5 Nxe5 11. Bb2 (11. O-O {
main}) 11... Ra6 {main} 12. Ne4 (12. Nd5) (12. Qd5) 12... Ba7 (12... Bf8 {more
frequent & Engines}) 13. Ng3 (13. O-O Qh4 14. Ng3 Rh6 15. h3 d6 {0-2
hearthstones9 on Chesscube.com}) 13... Rd6 {to deter 0-0-0} (13... Rae6 14. O-O
d6 15. Qc2 Qg5 16. Bd4 Bxd4 17. exd4 Ng6 18. Bd3 h6 19. d5 Re5 20. Bxg6 Qxg6
21. Qxg6 fxg6 {Batchinsky-Schaedler, Zurich op 1989,1/2-1/2}) (13... Qh4 {pm
analysis}) 14. Qc2 c6 {a waiting move, but weakens d6} (14... Rg6) (14... Rh6)
15. O-O Rh6 (15... Rg6 16. Bd4 Bb8 (16... Bxd4 17. exd4 Ng4 18. Bd3 Qh4 19. h3
Ne3 20. Rae1 f5 21. Rxe3 Rxe3 22. Bxf5 Rexg3 23. fxg3 Qxd4+ 24. Kh2 Rf6 (24...
Rh6 25. Qe2 $18) 25. Bxh7+ Kf8 26. Re1 d6 27. Re4 Qc5 28. Qe2 Bd7 29. b4 axb4
30. axb4 Qxb4 31. Qa2 Re6 32. Rf4+ Ke7 33. Qa8 Be8 34. c5 Qb2 35. cxd6+ Rxd6
36. Qc8 Qb3 37. Qc7+ Bd7 38. Re4+ Re6 39. Rd4 $18 {Komodo12}) 17. Bh5 Rh6 18.
f4 $18 {Komodo12}) 16. Nf5 Rg6 17. c5 (17. f4 Ng4 18. Bxg4 Rxg4 19. Nd6 Re6 20.
c5 Reg6 21. g3 Bb8 22. Be5 Bxd6 23. Bxd6 b6 24. f5 Rh6 25. Bf4 Rh5 26. cxb6
Qxb6 27. Qd1 Rhh4 28. Kg2 d5 29. h3 Bxf5 30. hxg4 Be4+ 31. Rf3 Rxg4 32. Rc1 $16
{Komodo12}) 17... d5 18. cxd6 Qg5 (18... Bxf5 19. Qxf5 Rf6 20. Qc2 Rxd6 21.
Rad1 Bb8 22. Qc3 Qf6 23. h3 Bc7 24. f4 Ng6 25. Qxf6 gxf6 26. Kf2 Rde6 $11 {
Komodo12}) 19. Ng3 Rxd6 {the pawn could become dangerous} (19... Rh6 20. Rad1 (
20. Qe4 f5 21. Qc2 Rxd6 22. Rad1 Rxd1 23. Rxd1 Ng4 24. Nf1 f4 $11 {Komodo12})
20... Qh4 21. Nh5 Bd7 22. Qc3 Rxh5 23. Bxh5 Qxh5 24. f4 Bxe3+ 25. Qxe3 Qxh2+
26. Kxh2 Ng4+ 27. Kg3 Nxe3 28. Bd4 Nxf1+ 29. Rxf1 Re6 30. Bc5 $11 {Komodo12})
20. Qc3 (20. Rad1 $14) 20... Rh6 (20... Ng4 21. Bxg4 (21. Bf3 {allows a
dangerous attack} Nxf2 22. Rxf2 Rxe3 23. Qc1 Qh4 24. Qc2 (24. Qc4 Qxc4 25. bxc4
Rd2 $19) 24... Rh6 25. Nf1 Rxf3 26. gxf3 Rg6+ 27. Ng3 Rxg3+ 28. Kh1 (28. hxg3
Qxg3+ 29. Kf1 Bh3+ 30. Rg2 Qxf3+ 31. Ke1 Bxg2 $19) 28... Rg6 $17 {Komodo12})
21... Bxg4 $11 {Komodo12}) 21. Rfd1 Qh4 (21... Bb6 $11) 22. Nf1 (22. h3 Bb6 $11
(22... Bxh3 23. gxh3 Bb8 24. Qc2 Ng6 25. Bg4 Bxg3 26. fxg3 Qxg3+ 27. Qg2 Qxe3+
28. Qf2 Qxf2+ 29. Kxf2 f5 30. Be2 Rxh3 31. Bc4+ Kh8 32. Re1 Rxe1 33. Rxe1 h5
34. Bd4 $14 {Komodo12})) 22... Rg6 $11 (22... Bb6 $11) 23. Ng3 Bg4 $15 (23...
Bb8 24. Rd4 $16) 24. Qxa5 (24. f3 Nxf3+ $19 25. gxf3 Rxe3 26. Qxa5 Bxf3 $1 (
26... Rxe2+ 27. Kf1 Rf2+ 28. Ke1 Re6+ $19) 27. Qxa7 Rxg3+ 28. hxg3 Qxg3+ 29.
Kf1 Bxe2# {Komodo12}) 24... Bxe2 25. Bxe5 Bxd1 26. Rxd1 Qg4 $6 {forgetting the
N can go back to f1} (26... Bb8 {considered} 27. Bxb8 Rxb8 28. Qc7 Re8 29. Qxb7
Rd8 30. Rf1 $11) (26... Qe7 27. Qxa7 Qxe5 28. Qxb7 Rd6 29. Rc1 h5 $15 {Komodo12
}) 27. Rd8 Rge6 28. Rxe8+ Rxe8 29. Qxa7 f6 (29... Qd1+ 30. Nf1 Qxb3 31. Bd4 f6
$16) 30. Bd4 (30. f3 Qe6 31. Bd4 Qxb3 32. Ne2 $18 {Komodo12}) 30... Qd1+ 31.
Nf1 Qxb3 32. h3 (32. Bb6) 32... Qb1 (32... b5 33. Ng3 Qf7 34. Qb6 Qe6 35. e4
$18 {Komodo12}) 33. Qb6 (33. Bb6 Re7 34. Qb8+ Kf7 35. Bc5 Re8 36. Qc7+ Kg6 37.
a4 Qf5 38. Bb6 Qc8 39. Qd6 Qe6 40. Qb4 Re7 41. Ng3 $18 {Komodo12- Wh retains
attacking chances with the Qs on}) 33... Qxb6 34. Bxb6 Ra8 35. Bc5 Ra5 $11 36.
Bb4 Ra4 (36... Ra6 37. Nd2 b6 38. Bd6 c5 39. Bc7 (39. Kf1 {Komodo12} Rxa3 40.
Ke2 Ra2 41. Kd3 Kf7 42. Bc7 b5 43. Ne4 c4+ 44. Kd4 b4 45. Nd6+ Ke6 46. Nxc4
Rxf2 47. g3 Rh2 48. h4 Rc2 49. Ba5 b3 50. Bc3 Rg2 $17) 39... b5 40. Nb3 (40.
Nb1 b4 41. axb4 cxb4 42. Nd2 Ra2 {will win the N before the K can come across}
43. Bd6 (43. Nb3 Ra3 44. Nd4 b3 45. Nxb3 Rxb3 $17) 43... Rxd2 44. Bxb4 Rc2 $17)
40... Rxa3 (40... c4 41. Nd4 c3 42. Nc2 b4 43. axb4 Ra2 44. Nd4 c2 45. Nxc2
Rxc2 {but Bl will be unable to force a win with the B & outside pawn} 46. Bd6
$15) 41. Nxc5 b4 42. Bb6 Ra1+ 43. Kh2 b3 44. Nd3 Rd1 45. Nb2 Rd2 46. Bd4 Rxf2
47. Kg3 Rd2 $15 {Komodo12}) 37. Nd2 b6 38. Bd6 (38. Nc4 Ra6 39. Kf1 c5 40. Bc3
Kf7 (40... b5 41. Na5 $14) 41. Ke2 Ke6 42. a4 Rxa4 43. Nxb6 Ra3 44. Kd3 Ra2 45.
Bd2 Ra3+ 46. Kc4 Ra2 47. Kc3 $16 {Komodo12}) 38... c5 39. Bc7 Rxa3 (39... b5
$11 {as above}) (39... c4 40. Bd6 c3 41. Nb3 c2 42. Bb4 Ra7 43. Kf1 Rd7 44. Ke2
Rd1 45. Bd2 $14 {Komodo12}) 40. Bxb6 Ra1+ 41. Kh2 $16 Ra2 42. Ne4 c4 (42... f5
43. Nxc5 Rxf2 44. Ne6 $16) 43. Kg3 f5 (43... Kf7 {Komodo12} 44. Nd6+ (44. f4
Ke6 45. Nc3 Rc2 46. Bd4 g5 47. fxg5 fxg5 48. Ne4 h6 49. Kf3 $16) 44... Ke6 45.
Nxc4 Kd5 46. Na5 Rb2 47. Bc7 Kc5 48. e4 Kb5 49. Kg4 Rc2 50. Bd8 Rd2 51. Bc7 Rd7
52. Bg3 Kxa5 $17 {and Bl has good winning chances, especially with an hour up
on the clock}) 44. Nc3 Rc2 45. Bd4 Kf7 (45... g5) 46. Kf3 (46. Nb5 $1 Rc1 47.
Kf4 Rc2 48. e4 fxe4 49. Kxe4 Ke6 50. Na3 Rc1 51. Bxg7 $16) 46... g5 47. g4 Kg6
48. gxf5+ Kxf5 49. e4+ (49. Nd5) 49... Kg6 (49... Ke6 50. Kg4 Rd2 51. Nb5 Re2
52. f3 h6 53. Bg7 Kf7 54. Bd4 (54. Bxh6 Kg6 55. Bxg5 (55. Bf8 Rg2#) 55... Rg2+
56. Kf4 Rxg5 57. Nc3 Rg1 58. Ke3 $11 {Komodo12}) 54... Kg6 55. h4 h5+ 56. Kg3
gxh4+ 57. Kxh4 Re1 58. Kg3 $16 {Komodo12}) 50. e5 Kf5 (50... Rd2 51. Ke4 Rd3
52. e6 Rxh3 53. Nd5 $18 {Komodo12}) 51. Ne4 h5 (51... Rc1 52. Nd6+ Ke6 53. Be3
$16) 52. Nc5 (52. Ng3+ $1 Kg6 (52... Ke6 53. Nxh5 (53. Ke4 c3 54. Nf5 Re2+ 55.
Be3 Re1 56. Nd4+ Kf7 57. Kf5 g4 58. hxg4 hxg4 59. Kxg4 $18) 53... Kd5 54. Ke3
Rc1 55. Nf6+ Ke6 56. Ke4 c3 57. Nh7 c2 58. Nxg5+ Kd7 59. Kf4 Re1 60. Bb2 c1=Q+
61. Bxc1 Rxc1 {and Wh wins- Lomonosov tablebases}) 53. e6 Ra2 54. Ke4 c3 55.
Bxc3 Rxf2 56. Bd4 Ra2 57. Kd5 $18 {Komodo12}) 52... Ra2 53. e6 Ra3+ (53... g4+
54. hxg4+ hxg4+ 55. Ke3 Ra3+ 56. Kd2 g3 57. fxg3 Rxg3 58. e7 Rg8 {draws-
Lomonosov tablebases}) 54. Be3 (54. Ke2) 54... Kf6 (54... g4+ 55. hxg4+ hxg4+
56. Kg3 Ra8 $14 (56... c3 57. e7 Ra8 58. Na4 c2 59. Nb6 Re8 60. Nd5 Ke5 61. Nb4
Ke4 62. Nxc2 Rxe7 63. Kxg4 Rg7+ {&} (63... Kd3 {both draw- , other moves lose-
Nalimov tablebases}))) 55. Ke4 c3 56. Nd7+ $2 {an oversight} (56. Kd3 h4 57.
Bc1 Ra1 58. Bxg5+ Kxg5 59. e7 Re1 (59... Ra8 60. Ne6+ Kf6 61. Nc7 $18) 60. Ne4+
Rxe4 61. Kxe4 c2 62. e8=Q c1=Q 63. Qe5+ {Wh mates in 47- Lomonosov}) 56... Kxe6
$11 57. Nc5+ Kf6 58. Kd3 (58. Nd7+ Ke6 59. Nc5+ {repetition}) 58... Kf5 59. Kc2
(59. Bc1) (59. Ne4 c2+ 60. Nc3 h4 61. f3 (61. Kxc2 g4 62. hxg4+ Kxg4 63. f3+
Kxf3 64. Bc5 h3 65. Bd6 {draw- Nalimov})) 59... g4 (59... Ra1 60. Nb3 Rh1 61.
Nd4+ Kf6 62. Kxc3 Rxh3 63. Kd3 $11) 60. h4 Ra1 61. Kxc3 Rh1 62. Bg5 Rh2 63. Nd3
Ke4 64. Kc4 $11 (64. Kd2 $11 Kf3 (64... g3 65. Ke2 g2 66. f3+ Kd4 67. Bf6+ Kc4
68. Nb2+ Kd5 69. Kf2 Ke6 70. Kg1 Rh1+ 71. Kxg2 Re1 72. Bg7 Kf7 73. Bd4 Re2+ 74.
Kg3 Rd2 75. Bc3 Rc2 76. Na4 $16) 65. Kc3 Rxf2 66. Nxf2 Kxf2 67. Bf4 $11 Kf3 68.
Bg5 g3 69. Kd3 g2 70. Be3 Kg3 71. Ke4 Kxh4 72. Kf4 Kh3 73. Bg1 h4 74. Kf3 {
stalemate}) 64... Kf3 65. Kd5 Rh1 66. Kd4 Rd1 67. Bf6 $2 {a terrible oversight
in time shortage} (67. Kc4 Ke2 68. Nf4+ Kxf2 69. Nxh5 g3 70. Nxg3 Kxg3 {draws
easily- Rudy}) 67... Ke2 $19 68. Ke4 Rxd3 69. Be5 (69. Bd4 Rxd4+) 69... Rd8 (
69... Rb3 70. Bg3 Rf3) 70. Kf4 Kxf2 71. Kg5 Rd5 72. Kxh5 g3 0-1

[Event "West Wales Open"]
[Site "Swansea"]
[Date "2018.10.14"]
[Round "5"]
[White "Lewis, David"]
[Black "Jukes, Sam"]
[Result "0-1"]
[WhiteElo "1622"]
[BlackElo "1998"]
[Annotator "kemen"]
[PlyCount "90"]
[EventDate "2018.10.12"]
[EventType "swiss"]
[EventRounds "5"]
[EventCountry "WLS"]

1. e4 e5 2. Nf3 Nc6 3. Bb5 a6 4. Bxc6 dxc6 5. O-O f6 6. d4 exd4 {main} (6...
Bg4 {next}) 7. Nxd4 c5 8. Nb3 Qxd1 9. Rxd1 Bg4 10. f3 Bd7 (10... Be6 {main,
more active}) 11. Be3 (11. Bf4) 11... b6 12. N1d2 (12. Nc3) (12. a4 {main lines
}) 12... Ne7 13. Bf4 (13. Bf2 O-O-O 14. Nc4 g6 15. Ne3 f5 16. exf5 Nxf5 17.
Nxf5 Bxf5 18. Rxd8+ Kxd8 19. Bh4+ Kc8 20. Bf6 Rg8 21. c3 Bd6 $15 {
Papista-Hajnal, HUN ch tm 2003,0-1}) 13... O-O-O 14. Nc4 g5 $17 {Komodo12} (
14... Ng6 15. Bg3 b5 16. Ne3 c4 17. Nd2 $11 {Blaha-Holeksa, CZE ch tm 1995,1/
2-1/2} (17. Nd4)) 15. Bg3 h5 16. Ne3 (16. h4 $5) 16... Bg7 17. c3 Be6 18. Nd2 (
18. Rd2 Rxd2 19. Nxd2 Rd8 20. Ndf1 h4 21. Bf2 Rd3 $17 {Komodo12}) 18... f5 (
18... h4 19. Bf2 Rd3 20. Kf1 Rhd8 $17 {Komodo12}) 19. exf5 Nxf5 20. Bf2 (20.
Nxf5 Bxf5 21. Nc4 Rxd1+ 22. Rxd1 Be6 $17 {Komodo12}) 20... Nxe3 (20... g4 $17)
(20... Rhe8 $17) 21. Bxe3 g4 22. f4 Kb7 23. a4 Bf5 24. Nc4 Bc2 25. Re1 (25.
Rxd8 Rxd8 26. a5) 25... Rhe8 26. a5 Bb3 (26... Re4) 27. Nd2 Bf7 28. Rac1 Kc6
29. b4 {trying to attack, but the Bl pieces are far more active in the centre}
(29. Nf1 bxa5 $17) 29... Rxe3 (29... Rd3 30. Kf2 Bxc3 $19 {Komodo12}) 30. Rxe3
Rxd2 31. Re7 Rd7 32. b5+ (32. Rxd7 Kxd7 33. axb6 cxb6 34. bxc5 bxc5 35. Kf2 a5
{and the a pawn wins}) 32... axb5 33. Rxd7 Kxd7 34. a6 Kc8 35. a7 Kb7 36. Ra1
Ka8 $19 37. Rd1 Bxc3 38. Rd7 Bd4+ 39. Kh1 Bg6 (39... b4 $19) 40. Rxc7 b4 41.
Rc6 Bd3 (41... b3 42. Rxb6 b2) 42. Rxb6 Kxa7 43. Re6 b3 44. Re7+ Kb6 45. Re6+
Ka5 0-1

[Event "West Wales Open"]
[Site "Swansea"]
[Date "2018.10.14"]
[Round "5"]
[White "Waterfield, John W"]
[Black "Harris, Calum"]
[Result "0-1"]
[WhiteElo "2026"]
[BlackElo "1889"]
[Annotator "kemen"]
[PlyCount "58"]
[EventDate "2018.10.12"]
[EventType "swiss"]
[EventRounds "5"]
[EventCountry "WLS"]

1. e4 c5 2. Nf3 d6 3. d4 cxd4 4. Nxd4 Nf6 5. Nc3 g6 6. Be3 Bg7 7. Be2 {
Classical var} (7. f3 {main}) 7... Nc6 (7... O-O {main}) 8. Nb3 (8. O-O) (8.
Qd2) 8... Be6 (8... O-O) 9. f4 Qd7 (9... O-O) (9... Qc8) (9... Rc8) 10. h3 h5 {
only move played} (10... O-O {Cloud Engines}) 11. g3 $6 (11. Qd2 O-O-O (11...
h4 12. O-O-O Nh5 13. Bxh5 Rxh5 14. Nd5 Rc8 15. Kb1 b6 16. Rhe1 f5 17. e5 (17.
exf5 $11) 17... dxe5 $15 {Kreyssig-Mueller, Thueringer Wald Schach-cup, Gotha
2012,0-1}) (11... Rb8 12. O-O-O b5 13. Bf3 b4 14. Nd5 Qc8 15. Kb1 a5 16. Nd4
Nd7 17. Rhe1 $16 {Slovak-Jandovsky, CSR ch corr 1989, 1/2-1/2}) 12. Bf3 Bc4 (
12... Kb8 13. O-O-O Bxb3 14. axb3 Qc8 15. Qf2 a6 16. Rhe1 Nd7 17. g4 $16 {Bieg
Pagel-Totosa Moros, Primavera La Lira op, Barcelona 2014,1-0}) 13. Nd4 e5 14.
Ndb5 Bxb5 15. Nxb5 a6 16. Nc3 $16 {Giersing-Sjoberg, Nordic Congress ,
Kristiania 1917,1-0}) (11. Bb5 a6 12. Bd3 h4 13. Qf3 Nh5 14. O-O-O Bxc3 15.
bxc3 Bxb3 16. axb3 Qc7 17. Qf2 $16 {Mika-Weemaes, Schilde op U18, 1871,0-1}) (
11. Bf3 O-O-O 12. Qd2) 11... Bxh3 $17 12. Bf3 Bg4 13. Qe2 Bxf3 14. Qxf3 Ng4 (
14... Qg4) 15. Bg1 (15. O-O-O Bxc3 16. bxc3 O-O $17 {Komodo12}) 15... Nb4 (
15... O-O) 16. O-O-O Bxc3 (16... O-O {repeated suggestion of Komodo12}) 17.
bxc3 Nc6 18. e5 Qe6 (18... O-O-O) (18... O-O) 19. exd6 exd6 20. Nc5 (20. Nd4
Nxd4 21. Bxd4 O-O 22. f5 $14 {Komodo12}) 20... Qxa2 (20... dxc5 {Surprisingly
Bl can & should take the offer} 21. Bxc5 Rc8 22. Rhe1 (22. Rd6 Qf5 (22... Qc4
23. Qxg4 hxg4 24. Rxh8+ Ke7 25. Rxc6+ Qxc5 26. Rxc5 Rxc5 27. Kb2 Rb5+ 28. Ka3
Rb1 $15) 23. Re1+ Nce5 24. Qd5 O-O $1 $11 {Komodo12}) 22... Nce5 23. Qd5 b6 24.
Bd6 Qxd5 25. Rxd5 f6 26. fxe5 f5 27. Kb2 Nf2 28. e6 Ne4 29. Rd3 Rh7 $19 {
Komodo12}) 21. Qe4+ (21. Nxb7 O-O 22. Qxc6 Rac8 23. Qf3 Rfe8 $15 {Komodo12} 24.
Nxd6 $2 Qa3+ 25. Kd2 Rcd8 $19) 21... Kf8 $17 22. Bd4 (22. Nxb7 Re8 23. Qd3 Re6
$17 {Komodo12}) 22... dxc5 $19 23. Bxh8 Nf2 {best} (23... Qa1+ 24. Kd2 Rd8+ 25.
Bd4 Qa5 26. Ra1 Qc7 27. Qd3 cxd4 28. c4 Kg7 $19 {Komodo12}) 24. Qf3 Qa1+ 25.
Kd2 Rd8+ 26. Bd4 Nxd1 27. Rxd1 Qa5 (27... Qb2) 28. Ke3 cxd4+ 29. cxd4 (29. Kf2)
29... Qc3+ (29... Nxd4 {Komodo12} 30. Rxd4 Qc3+ 31. Kf2 (31. Rd3 Qe1+ 32. Qe2
Re8+ 33. Kf3 Qxe2#) 31... Qxc2+ 32. Qe2 Qxe2+ 33. Kxe2 Rxd4) 0-1

[Event "West Wales Open"]
[Site "Swansea"]
[Date "2018.10.14"]
[Round "5"]
[White "Turner, Joseph David"]
[Black "Phillips, William"]
[Result "1-0"]
[WhiteElo "1988"]
[BlackElo "1862"]
[Annotator "kemen"]
[PlyCount "67"]
[EventDate "2018.10.12"]
[EventType "swiss"]
[EventRounds "5"]
[EventCountry "WLS"]

1. e4 e5 2. f4 exf4 3. Bc4 Nf6 4. Nc3 d5 (4... c6) (4... Bb4) (4... Nc6) (4...
d6 {more frequent}) 5. Bxd5 (5. exd5 Bd6 {main} (5... c6 {also})) 5... Nxd5 (
5... Bb4 {more frequent}) 6. Nxd5 Bd6 (6... g5 {main}) 7. d3 $146 {surprising
this early in an ancient line} (7. d4) (7. Nf3 O-O 8. d4 Re8 9. e5 c6 10. Nxf4
$14 {Adhiban-So, Wijk aan Zee Tata Steel 2017, 1/2-1/2}) 7... Qh4+ 8. Kf1 c6 9.
Nf3 Qh6 $17 10. Nc3 Bg4 (10... O-O 11. d4 f6 12. Kf2 Re8 13. Rf1 Bg4 14. Kg1
Nd7 $17 {Komodo12}) 11. d4 O-O (11... f6) 12. e5 Bc7 $17 (12... Be7 $17) 13.
Ne4 Nd7 14. Nf2 Be6 (14... Bf5) 15. g3 Bc4+ (15... f6 16. Bxf4 g5 $1 17. Be3
fxe5 18. Kg1 exd4 $19 {Komodo12}) 16. Kg2 Qe6 (16... g5 17. b3 Be6 18. Rg1 g4
19. gxf4 gxf3+ 20. Kh1+ Kh8 21. f5 Qh4 22. fxe6 fxe6 23. Be3 Rad8 (23... Nxe5
24. dxe5 Bxe5 25. h3 Rad8 26. Qf1 Bg3 $11) 24. Rg4 Qh5 25. Rg5 Qh4 26. Qg1 Rg8
$11 {Komodo12}) 17. b3 fxg3 (17... Bd5 18. c4 Bxf3+ 19. Qxf3 f6 20. d5 cxd5 21.
cxd5 Qf5 {Komodo12} 22. e6 $14) 18. hxg3 Bd5 19. c4 Bxf3+ 20. Qxf3 Rfe8 21. Ng4
(21. Bb2 $16) 21... Qg6 $11 22. Bf4 Rad8 (22... Nf8 $11) (22... f6 23. e6 Nf8
24. d5 (24. Bxc7 Nxe6 $15 25. Bf4 Nxd4 $19) 24... cxd5 25. cxd5 Bxf4 26. Qxf4
$16) 23. Rh5 (23. e6 $1 Bxf4 24. exd7 Rxd7 25. Qxf4 $18 {Komodo121}) 23... Nf8
$11 (23... f6 24. Rah1 Qc2+ $11 {Komodo12}) 24. Rg5 Qc2+ 25. Kh3 Re6 (25... Ne6
26. Nf6+ Kh8 27. Nxe8 Rxe8 (27... Nxg5+ 28. Bxg5 Rxe8 29. Qxf7 $18) 28. Rf1 $14
{Komodo12} (28. Rg4 Qf5 29. Kg2 Nxd4 $17)) (25... Ng6 26. Be3 Rf8 $11 {Komodo12
}) 26. d5 $18 cxd5 (26... Rg6 27. Rf1 cxd5 28. cxd5 Bb6 29. e6 $18 {Komodo12})
27. cxd5 Rg6 28. Rc1 Qxa2 29. Rxc7 Qb2 30. Bc1 (30. Rxg6 Nxg6 31. Bc1 $18)
30... f6 31. Rxg7+ Rxg7 (31... Kh8 32. Qxf6 Rxf6 33. Rg8#) 32. Rxg7+ Kxg7 33.
Qxf6+ Kg8 34. Nh6# 1-0

[Event "West Wales Open"]
[Site "Swansea"]
[Date "2018.10.14"]
[Round "5"]
[White "McCarthy, Moss"]
[Black "Morgans, Justin"]
[Result "1-0"]
[WhiteElo "1912"]
[BlackElo "1769"]
[Annotator "kemen"]
[PlyCount "107"]
[EventDate "2018.10.12"]
[EventType "swiss"]
[EventRounds "5"]
[EventCountry "WLS"]

1. d4 Nf6 2. c4 g6 3. Nc3 Bg7 4. e4 d6 5. h3 O-O 6. Be3 (6. Bg5) (6. Nf3) 6...
Nbd7 (6... e5) (6... c5) 7. Bd3 (7. Nf3) 7... e5 8. Nge2 (8. d5 {main}) 8...
exd4 (8... c6 {transposes to several games}) 9. Bxd4 $146 {Komodo12} (9. Nxd4 {
played a number of times}) 9... Ne5 (9... Re8) 10. f4 Nxd3+ 11. Qxd3 Bd7 12. g4
(12. O-O $14) 12... c5 13. Bf2 (13. Bxf6 Qxf6 14. g5 Qe6 15. O-O-O Bc6 $11 {
Komodo12} 16. Qxd6 Qxc4 $17) 13... Qb6 (13... Bc6 $11) (13... Re8 $11) 14.
O-O-O Rfe8 15. Ng3 Bc6 16. Rhe1 Rad8 17. g5 (17. Kb1) 17... Nh5 (17... Nd7 18.
Re2 $11 {Komodo12}) 18. Nxh5 gxh5 19. Rd2 Qa5 20. f5 (20. Rc2 Bxc3 21. Rxc3 b5
$11) 20... Bxc3 21. bxc3 b5 22. g6 (22. cxb5 Bxb5 23. c4 Bc6 24. Rb2 $11) 22...
hxg6 23. fxg6 fxg6 $15 24. e5 Re6 (24... Kh7 25. Rg1 Re6 $15) 25. Bxc5 bxc4 26.
Qxc4 d5 27. Qb4 Qxb4 28. cxb4 Rde8 29. Rde2 $11 (29. Rg1 $14) 29... a6 (29...
Bb5 30. Re3 a5 31. a3 (31. bxa5 Rc8 32. Rc3 Rec6 $19) 31... axb4 32. axb4 Ra8
$11 {Komodo12}) 30. Kb2 Bb5 31. Re3 $14 {but Bl should be able to hold this
quite comfortably} Bc4 32. a4 Rc8 (32... g5 33. Bd6 Rg6 34. Rg3 Kf7 35. Kc3 Ke6
$11 {Komodo12}) 33. Bd4 Rc7 (33... Rf8 34. Kc3 Rf4) 34. Rf3 Rf7 35. Rxf7 Kxf7
36. Ka3 g5 $11 37. Rb1 g4 38. hxg4 hxg4 39. b5 axb5 40. axb5 Re7 (40... Re8 41.
b6 Ba6 42. Rh1 Ke6 43. Rh7 Re7 44. Rh5 Rg7 45. Kb4 g3 46. Rh6+ Kf5 47. Kc5 g2
48. e6 g1=Q 49. Bxg1 Rxg1 50. Kxd5 Rd1+ 51. Kc6 Rc1+ 52. Kd6 Rd1+ $11 {Komodo12
}) 41. b6 Rb7 42. Kb4 Ke6 43. Kc5 $18 {a R exchange will not help Bl as Wh has
2 passed pawns, but , more important is the very advanced Wh K} Kd7 44. Re1 (
44. Rg1) 44... Kc8 45. e6 Re7 46. Kd6 Re8 47. Kc6 Ba6 48. Kd6 (48. Ra1 Rxe6+ (
48... Bb7+ 49. Kd6 Rg8 50. Rc1+ Kb8 51. Be5 Ba6 52. Kc6+ Kc8 53. b7+ Bxb7+ 54.
Kb6+ Kd8 55. Bf6+ Ke8 56. Kxb7 $18) 49. Kxd5 $18 {Komodo12}) 48... g3 49. Rc1+
(49. e7 g2 50. Ra1 Kb7 51. Ra2 Bb5 52. Rxg2 Ra8 53. Rc2 Be8 (53... Rc8 54. Ra2
Rc6+ 55. Ke5 (55. Kxd5 $2 Bc4+ 56. Ke5 Re6+ 57. Kf5 Bxa2 $19) 55... Rh6 56.
Ra7+ Kc8 57. Kxd5 Bc6+ 58. Kc5) 54. Rc7+ Ka6 55. Rd7 $18 (55. Kxd5) 55... Rc8
56. Ra7+ Kb5 57. b7 Rb8 58. Kc7 $18 {Komodo12}) 49... Bc4 50. Ra1 (50. Rg1)
50... Kb7 51. Ra7+ Kb8 52. b7 (52. Be5 {Komodo12}) 52... Rd8+ 53. Kc6 g2 54.
Ra8# 1-0

[Event "West Wales Open"]
[Site "Swansea"]
[Date "2018.10.14"]
[Round "5"]
[White "Howells, Chris"]
[Black "Van Kemenade, Julie"]
[Result "1-0"]
[WhiteElo "1904"]
[BlackElo "1755"]
[Annotator "kemen"]
[PlyCount "83"]
[EventDate "2018.10.12"]
[EventType "swiss"]
[EventRounds "5"]
[EventCountry "WLS"]

1. c4 Nf6 2. Nc3 d6 3. g3 e5 4. Bg2 g6 5. e4 Bg7 6. Nge2 O-O 7. O-O Nbd7 (7...
Nc6 {main}) 8. d3 Ne8 (8... c6) 9. f4 c6 (9... f5 {main}) 10. f5 {Wh gets a
wedge into the Bl position, though there are counterchances} (10. Be3 Nc7 (
10... f5 11. exf5 (11. Qd2 {3-0}) 11... gxf5 12. Qd2 {Bryakin-Bayramov,
European School ch UI11, Kallithea 2008,0-1}) 11. f5 Nf6 12. Qb3 Qe7 13. h3 d5
14. exd5 cxd5 15. cxd5 Bxf5 16. Qxb7 Bxd3 17. Rfd1 e4 18. Nf4 $14 {Petek-Klima,
Litomysl op 1995,1-0}) 10... Ndf6 $14 {Komodo12} (10... a5 11. Be3 Nc5 12. Qd2
Rb8 13. Rad1 $16 {Henke-Strohmeier, LSS email 2014,1-0}) 11. h3 h5 (11... b5
12. cxb5 cxb5 13. a3 Qb6+ 14. Kh2 Bd7 15. g4 Nc7 $14 {Komodo12}) (11... gxf5
12. exf5 d5 13. cxd5 Nxd5 14. Nxd5 cxd5 15. Nc3 Nc7 16. Qh5 $16 {Komodo12}) 12.
Kh2 (12. Be3 $16) 12... Nh7 (12... gxf5 13. exf5 d5 $14) 13. Be3 Nef6 14. Qd2
d5 (14... gxf5 15. exf5 d5 16. d4 e4 17. Bh6 $16 {Komodo12}) 15. fxg6 fxg6 (
15... d4 16. gxh7+ Nxh7 17. Bh6 Bxh6 18. Qxh6 dxc3 19. Nxc3 Qg5 20. Qxg5+ Nxg5
21. Rad1 $16 {Komodo12}) 16. exd5 $18 cxd5 17. Nxd5 h4 18. gxh4 (18. g4) 18...
Kh8 19. Nec3 (19. Ng3) 19... Bf5 20. Bf2 Nh5 21. Rad1 N7f6 22. Bf3 (22. Nxf6
Qxf6 23. Ne4 Bxe4 24. Bxe4 Nf4 25. h5 $18 {Komodo12}) 22... Nxd5 23. Nxd5 Bxh3
24. Kxh3 (24. Bxh5 Bxf1 25. Bxg6 e4 26. Bxe4 Qd7 27. Rxf1 Be5+ 28. Bg3 (28. Kg1
Rg8+ $19) 28... Bxg3+ 29. Kg2 Qg7 $11 {Komodo12}) 24... Rxf3+ 25. Kg2 Qf8 (
25... Rf5 26. Bg3 Nxg3 27. Kxg3 Rh5 28. Rh1 Bf6 29. Kf3 Bxh4 30. Qg2 Qd6 $14 {
Komodo12}) (25... Qd7 26. Kxf3 Rf8+ 27. Ke2 (27. Kg2 Qg4+ 28. Bg3 (28. Kh2 Rf3
$17) 28... Qxg3+ 29. Kh1 Qxh4+ 30. Kg1 Rxf1+ 31. Rxf1 e4 $11) 27... Ng3+ 28.
Ke1 (28. Bxg3 Qg4+ 29. Ke1 Qxg3+ 30. Qf2 (30. Rf2 Qg1+ 31. Ke2 Qxf2#)) 28...
Nxf1 29. Qg5 Qh3 30. Ne7 Rf6 31. Nxg6+ Kg8 32. Ne7+ Kh7 $11 {Komodo12}) 26. Qe2
$16 Nf4+ (26... Rf5 27. Be3 $16) 27. Nxf4 Rxf4 28. Bg3 $18 Rxf1 29. Rxf1 Qc5
30. Qe4 Rd8 31. Qxg6 Qe3 32. Rf7 $18 (32. Rf5 $1 $18 {Komodo12}) 32... Qd2+ 33.
Kh3 Qh6 34. Qxh6+ Bxh6 35. Bxe5+ Kg8 36. Rf3 Re8 37. d4 Bc1 38. b3 b6 39. h5
Bb2 40. Rf5 Re7 41. Kg4 Bc1 42. d5 1-0